| 000 | 00573nam a2200193Ia 4500 | ||
|---|---|---|---|
| 005 | 20250508152136.0 | ||
| 008 | 008 250505s9999 xx 000 0 eng d | ||
| 037 | _aTextual | ||
| 040 |
_aFEDL _beng _cFEDL |
||
| 041 |
_aeng _2eng |
||
| 084 |
_a155.45, MIN _qFEDL |
||
| 100 |
_aMinski Louis _9760854 |
||
| 245 | 0 | _aDeafness, mutism and mental deficiency in children | |
| 260 |
_aLondon, UK _bWilliam Heinemann Medical Books Ltd. _c1957 |
||
| 300 | _aviii,82p. | ||
| 650 | _aChild Psychology | ||
| 942 |
_cTEXL _h155.45, MIN |
||
| 999 |
_c1334539 _d1334539 |
||